U.S. Cities Beginning with "Fort-" - Statistics

General Stats
  • This quiz has been taken 1,837 times
  • The average score is 5 of 10
Answer Stats
Population State City % Correct
918,915 Texas Fort Worth
97%
182,760 Florida Fort Lauderdale
83%
263,896 Indiana Fort Wayne
79%
169,810 Colorado Fort Collins
61%
86,395 Florida Fort Myers
49%
89,142 Arkansas Fort Smith
44%
40,191 New Jersey Fort Lee
15%
47,927 Florida Fort Pierce
11%
24,871 Iowa Fort Dodge
10%
20,922 Florida Fort Walton Beach
8%
No matching quizzes found
Score Distribution
Percent of People with Each Score
Percentile by Number Answered
Your Score History
You have not taken this quiz